000 01011namaa22002291 4500
001 173978
003 ES-MaACL
005 20230906215416.0
008 100204q1899 sp |||| | spa d
100 1 _aÁlvarez Quintero, Serafín,
_d1871-1938
_9226443
245 1 4 _aLos borrachos
_b: sainete en cuatro cuadros y en prosa /
_cde Serafín y Joaquín Álvarez Quintero ; con música del maestro Gerónimo Giménez.
260 _aMadrid :
_bFlorencio Fiscowich,
_c1899.
300 _a52 p. ;
_c18 cm.
500 _aEn port.: Estrenado en el teatro de la Zarzuela de Madrid el 3 de Marzo de 1899.
500 _aDedicado a Leopoldo Alas.
500 _aSolo la letra.
520 8 _aLa acción transcurre en Sevilla.
700 1 _aÁlvarez Quintero, Joaquín,
_d1873-1944
_920922
700 0 _aGiménez, Jerónimo.
_957024
852 _aES-MaACL
_jF-8637(2)
_z.- Enc. pasta española
_z.- Enc. en un vol. facticio formando parte de la col. facticia "Teatro español moderno", vol. 92
999 _c173978
_d173978